Who's That With a Bird? Quiz Stats

Quiz Updated May 22, 2016

Also try: Famous Duckfaces
Challenge
Share
Tweet
Score 0/20 Timer 04:00
2 Plays Today
% Correct
Michael Jackson
97%
John Lennon & Paul McCartney
93.3%
Donald Trump
93.1%
Paris Hilton
91.3%
Daniel Radcliffe
87.6%
Alfred Hitchcock
86%
Clint Eastwood
85.6%
Steven Tyler
84.9%
Mike Tyson
84.8%
Bernie Sanders
84.5%
% Correct
Miley Cyrus
80.4%
Julie Andrews
78.2%
Anne Hathaway
76.5%
Winston Churchill
73.3%
Jennifer Lawrence
64.8%
Gwen Stefani
62.3%
Pope Francis
60%
Pablo Picasso
50.1%
Sophia Loren
46.9%
Ingrid Bergman
14.8%

You're not logged in!

Compare scores with friends on all Sporcle quizzes.
Join for Free
OR
Log In

You Might Also Like...

Show Comments

Extras

Top Quizzes Today


Score Distribution

Your Account Isn't Verified!

In order to create a playlist on Sporcle, you need to verify the email address you used during registration. Go to your Sporcle Settings to finish the process.

Report this User

Report this user for behavior that violates our Community Guidelines.

Details: